Najbardziej Wartościowi Polscy Piłkarze! - Statystyki

Ogólne statystyki
  • Ten quiz został rozwiązany 779 razy
  • Średni wynik to 10 z 15
Statystyki odpowiedzi
Wartość Nazwisko % Poprawnych
70 mln € Robert Lewandowski
100%
40 mln € Wojciech Szczęsny
96%
40 mln € Arkadiusz Milik
93%
40 mln € Piotr Zieliński
92%
32 mln € Krzysztof Piątek
85%
20 mln € Grzegorz Krychowiak
84%
6 mln € Kamil Glik
84%
15 mln € Jan Bednarek
71%
8 mln € Bartosz Bereszyński
56%
6 mln € Sebastian Szymański
49%
14 mln € Karol Linetty
45%
7 mln € Łukasz Skorupski
37%
14 mln € Bartłomiej Drągowski
35%
7,5 mln € Dawid Kownacki
31%
6 mln € Krystian Bielik
26%
Nie znaleziono quizów pasujących do podanych kryteriów
Rozkład punktacji
Procent ludzi z każdym wynikiem
Percentyl według liczby udzielonych odpowiedzi
Twoja historia wyników
Nie rozwiązałeś tego quizu